|
|
|
|
| LEADER |
00893ncm a22002292a 4500 |
| 001 |
001137254 |
| 003 |
CZ BrMZK |
| 005 |
20130417112438.0 |
| 007 |
qu |
| 008 |
110131q1900 gw |||||||||||||||||ger d |
| 040 |
|
|
|a BOA001
|b cze
|
| 072 |
|
7 |
|a 784
|x Vokální hudba
|2 Konspekt
|9 9
|
| 100 |
1 |
|
|a Amadei, Albert von,
|d 1854-
|7 mzk2013756268
|4 cmp
|
| 245 |
1 |
0 |
|a Lieder und Gesänge für eine Singstimme mit Begleitung des Pianoforte, Op. 16.
|n Nr. 6,
|p Nie mehr an deinem Herzen ruh'n
|h [hudebnina] /
|c Albert Amadei ; von Marie von Ebner-Esschenbach
|
| 246 |
3 |
0 |
|a Du bist nicht erschienen
|
| 260 |
|
|
|a Berlin :
|b Ries & Erler,
|c [asi 1900]
|
| 300 |
|
|
|a 3 s.
|
| 700 |
1 |
|
|a Ebner-Eschenbach, Marie von,
|d 1830-1916
|7 jn19990001964
|4 lyr
|
| 910 |
|
|
|a BOA001
|b Mus4-0256.786,6
|
| 990 |
|
|
|a MU
|
| 991 |
|
|
|b 201101
|
| 996 |
6 |
|
|b 2619510090
|c Mus4-0256.786,6
|l MZK
|r Sklad / do 1 hodiny
|n 0
|w 001167662
|u 000010
|a 1
|e BOA001
|j MZK50
|s P
|